Т. 1; Перспективы развития фундаментальных наук
| Parent link: | Перспективы развития фундаментальных наук: труды VI Международной конференции студентов и молодых ученых, Томск, 26 - 29 мая 2009 г./ Томский политехнический университет (ТПУ) ; под ред. Г. А. Вороновой. Т. 1.— , 2009.— 978-5-98298-544-6 |
|---|---|
| Shrnutí: | Сборник содержит доклады участников VI Международной конференции студентов и молодых учёных «Перспективы развития фундаментальных наук». Все доклады разделены по секциям: 1. Физика: физика ускорителей, физика конденсированного состояния, физика поверхности, физические основы радиационных и плазменных технологий, водородная энергетика, наноматериалы и нанотехнологии, геофизика. 2. Химия: химия твердого тела, наноматериалы, новые материалы, физико-химические методы в экологии, нефтехимия. 3. Математика: математическое моделирование и анализ данных, математические методы в физике, химии, биофизике, биологии, экономике, экобиологии, экогеологии, медицине и психологии. 4. Технология: строительство и архитектура, электротехника, геоинженерия, механика, информационные технологии. 5. Семинар «Профессиональный иностранный язык: техническая и профессиональная коммуникация без языковых барьеров». Сборник представляет интерес для студентов, аспирантов, молодых ученых, преподавателей в области естественных наук и высшей математики. |
| Jazyk: | ruština |
| Vydáno: |
2009
|
| Témata: | |
| Médium: | MixedMaterials Kniha |
| KOHA link: | https://koha.lib.tpu.ru/cgi-bin/koha/opac-detail.pl?biblionumber=191464 |
MARC
| LEADER | 00000nam2a2200000 4500 | ||
|---|---|---|---|
| 001 | 191464 | ||
| 005 | 20231101224345.0 | ||
| 010 | |a 9785982985460 | ||
| 035 | |a (RuTPU)RU\TPU\book\208765 | ||
| 035 | |a RU\TPU\book\161548 | ||
| 090 | |a 191464 | ||
| 100 | |a 20110204d2009 k y0rusy50 ca | ||
| 101 | 0 | |a rus | |
| 102 | |a RU | ||
| 105 | |a a z 101zy | ||
| 200 | 0 | |a Т. 1 | |
| 210 | |d 2009 | ||
| 215 | |a 542 с. |c ил. | ||
| 320 | |a Библиография в конце статей | ||
| 330 | |a Сборник содержит доклады участников VI Международной конференции студентов и молодых учёных «Перспективы развития фундаментальных наук». Все доклады разделены по секциям: 1. Физика: физика ускорителей, физика конденсированного состояния, физика поверхности, физические основы радиационных и плазменных технологий, водородная энергетика, наноматериалы и нанотехнологии, геофизика. 2. Химия: химия твердого тела, наноматериалы, новые материалы, физико-химические методы в экологии, нефтехимия. 3. Математика: математическое моделирование и анализ данных, математические методы в физике, химии, биофизике, биологии, экономике, экобиологии, экогеологии, медицине и психологии. 4. Технология: строительство и архитектура, электротехника, геоинженерия, механика, информационные технологии. 5. Семинар «Профессиональный иностранный язык: техническая и профессиональная коммуникация без языковых барьеров». Сборник представляет интерес для студентов, аспирантов, молодых ученых, преподавателей в области естественных наук и высшей математики. | ||
| 452 | 1 | |0 (RuTPU)RU\TPU\book\256958 |t Т. 1 |d 2009 | |
| 461 | 1 | |0 (RuTPU)RU\TPU\book\209177 |y 978-5-98298-544-6 |t Перспективы развития фундаментальных наук |o труды VI Международной конференции студентов и молодых ученых, Томск, 26 - 29 мая 2009 г. |o в 2 т. |f Томский политехнический университет (ТПУ) ; под ред. Г. А. Вороновой |v Т. 1 |d 2009 | |
| 606 | 1 | |a Фундаментальные науки |2 stltpush |3 (RuTPU)RU\TPU\subj\70346 |9 84659 | |
| 610 | 1 | |a физика | |
| 610 | 1 | |a химия | |
| 610 | 1 | |a математика | |
| 610 | 1 | |a перспективы развития | |
| 610 | 1 | |a конференции | |
| 610 | 1 | |a материалы конференций | |
| 610 | 1 | |a труды учёных ТПУ | |
| 610 | 1 | |a ускорители | |
| 610 | 1 | |a конденсированные состояния | |
| 610 | 1 | |a водородная энергетика | |
| 610 | 1 | |a наноматериалы | |
| 610 | 1 | |a твердые тела | |
| 610 | 1 | |a новые материалы | |
| 610 | 1 | |a экология | |
| 610 | 1 | |a нефтехимия | |
| 610 | 1 | |a математическое моделирование | |
| 610 | 1 | |a математический анализ | |
| 610 | 1 | |a математические методы | |
| 610 | 1 | |a биофизика | |
| 610 | 1 | |a биология | |
| 610 | 1 | |a экономика | |
| 610 | 1 | |a экобиология | |
| 610 | 1 | |a экогеология | |
| 610 | 1 | |a медицина | |
| 610 | 1 | |a психология | |
| 801 | 2 | |a RU |b 63413507 |c 20210318 |g PSBO | |
| 942 | |c BK | ||